| 000 | 00681cam a22002051 4500 | ||
|---|---|---|---|
| 001 | sa 68016471 | ||
| 003 | DLC | ||
| 005 | 20260227112654.0 | ||
| 008 | 700629s1967 ii b 00000 eng | ||
| 010 | _asa 68016471 //r85 | ||
| 025 | _aPL480:I-E-9094 | ||
| 050 | 0 |
_aBL1150 _b.N57 |
|
| 082 | _a294.5/0954/14 | ||
| 100 | 1 | 0 | _aNiyogi, Puspa. |
| 245 | 1 | 0 |
_aBrahmanic settlements in different subdivisions of ancient Bengal. _cWith a foreword by Benoy Chandra Sen. |
| 260 | 0 |
_a[Calcutta] _bIndian Studies: Past & Present _c[1967] |
|
| 300 |
_a11, 90 p. _c25 cm. |
||
| 504 | _aBibliographical references included in "abbreviations": p. [76]-77. | ||
| 650 | 0 |
_aBrahmans _zIndia _zBengal. |
|
| 999 |
_c87116 _d87116 |
||